| 000 | 01162nam a22002417a 4500 | ||
|---|---|---|---|
| 003 | BPGM | ||
| 008 | 260627b mx ||||| |||| 00| 0 spa d | ||
| 020 | _a968-7442-00-X | ||
| 040 | _bSPA | ||
| 041 |
_aSPA _hSPA |
||
| 082 | 0 | 4 |
_aCQ / 972.45 _bD625 |
| 245 |
_aDOCUMENTOS PARA LA HISTORIA URBANA DE QUERÉTARO, SIGLOS XVI Y XVII _b"LITIGIO ENTRE LOS INDIOS DE LA CONGREGACIÓN Y EL CONVENTO DE SANTA CLARA SOBRE DERECHOS A LAS AGUAS CON QUE REGABAN" |
||
| 300 |
_a409 PÁGINAS _c22.9 CM X 17 CM |
||
| 336 |
_2rdacontent _atexto _btxt |
||
| 337 |
_2rdamedia _asin mediación _bn |
||
| 338 |
_2rdacarrier _avolumen _bnc |
||
| 490 | 0 |
_aACTAS DE CABILDO _vV.1 |
|
| 505 | _aESTE LIBRO RECOPILA DOCUMENTOS FUNDAMENTALES COMO TESTAMENTOS Y MERCEDES DE TIERRAS PARA ANALIZAR LA EVOLUCIÓN URBANA DE QUERÉTARO DURANTE LOS SIGLOS XVI Y XVII. A TRAVÉS DE DICHAS FUENTES, LA OBRA EXPLORA LA ESTRUCTURA SOCIOESPACIAL, LA DIVISIÓN DE BARRIOS Y LA IMPORTANCIA DEL CAMINO REAL DE TIERRA ADENTRO EN LA CONSOLIDACIÓN DE LA CIUDAD. | ||
| 650 | _2GEOGRAFIA E HISTORIA | ||
| 650 | _2HISTORIA GENERAL DE AMERICA DEL NORTE | ||
| 650 | _2MESOAMERICA,MEXICO | ||
| 942 |
_2ddc _cCOLQ |
||
| 999 |
_c68694 _d68694 |
||